000 01580cam a22002054a 4500
005 20250804123114.0
008 250528s ||||||||||||||||||||||||d
035 _a17346
020 _a1861528234
040 _aGR-AtMCL
_bgre
_dGR-AtMCL
_eAACR2
245 1 _aOrganizational Behaviour / Second Edition
250 _a2nd
260 _bThomson,
_c2002
300 _a956
520 _aThis book is an introduction to organizational behavior and balances sociological and psychological perspectives to provide an ideal core text for students at undergraduate and MBA level. Management and Organizational Behavior, Management and Organizations, The Evolution of Management, Individuals Within Organizations, Perception and Attitude Formation, Personality and Individual Difference, Groups Within Organizations, Group Formation and Structure, Group Dynamics and Effectiveness, Work Design and Technology, Work Design and Organization, Technology and Work, The Structure and Design of Organizations, Organizational Frameworks, Designing Organizations, Organizational Culture, Processes Within Organizations, Learning Within Organizations, Motivation and Performance, Communication and Decision Making and Negotiation, The Management of Organizations, Management Within Organizations, Leadership and Organizations, Ethical Perspectives in Organizational Behavior, Managing Change, The Dynamics of the Work Environment, Power anΓ Control, Conflict and Organizational Politics, Stress, Index.
700 1 _aMartin, John C.
_91087
942 _cBK
999 _c2772
_d2772